000 00257nam a22000977a 4500
008 240220b |||||||| |||| 00| 0 eng d
082 _aDG
_bEUR JENB
100 1 0 _aJenkins, Paul
_eautor
_943473
245 _aBatman:
_bJekyll y Hyde /
_cPaul Jenkins
942 _2ddc
999 _c30673
_d17057